Word Ladder: Romantic Downturn? Quiz Stats

 Plays Quiz Updated Feb 14, 2019

Score 0/32 Timer 04:00
2 Plays Today
Clue 5-Letter Word % Correct
A man's facial hairBEARD
95%
• What the Tin Man desires •• HEART •
94.1%
Lose plasma through a cutBLEED
92.9%
Caught wind ofHEARD
92.5%
• Containing a lot of sugar •• SWEET •
92.5%
Fill in the _____BLANK
92.4%
Unable to seeBLIND
92.2%
White, wheat, or rye, e.g.BREAD
92.1%
Rapidly close and open one's eyesBLINK
91.6%
Mate; produce offspringBREED
91.6%
Mix togetherBLEND
89.9%
The lover of 'Beauty'BEAST
88.5%
Many a Donald Trump commentTWEET
84.5%
Color of Marvel's title 'Panther'BLACK
84.4%
Give little or no attention to workSLACK
81.3%
French film actress EmmanuelleBÉART
81.2%
Clue 5-Letter Word % Correct
Pancake pileSTACK
81.2%
An explosionBLAST
80.9%
Dallas NHL clubSTARS
78%
Apex of a waveCREST
77.7%
Rough woollen clothTWEED
77.1%
• Reduce to fragments •• BREAK •
76.1%
Major US department storeSEARS
76%
Some still-life fruitPEARS
73.1%
House of Eddard, Arya, and SansaSTARK
72.9%
Rush's drummer NeilPEART
70.1%
Pungent salad greenCRESS
69.3%
Long lock of hairTRESS
66.7%
Trapped on a branchTREED
65.4%
Shipyard city in western FranceBREST
64.4%
Consecrated, to ShakespeareBLEST
63.9%
Dendrologists' concernsTREES
62.9%

Today's Daily Dose

You're not logged in!

Compare scores with friends on all Sporcle quizzes.
OR
Log In

Show Comments

Extras

Top Quizzes Today


Score Distribution

Your Account Isn't Verified!

In order to create a playlist on Sporcle, you need to verify the email address you used during registration. Go to your Sporcle Settings to finish the process.

Report this User

Report this user for behavior that violates our Community Guidelines.

Details: